| 000 | 01122nam a2200289 a 4500 | ||
|---|---|---|---|
| 001 | 43571 | ||
| 003 | BD-RjUL | ||
| 005 | 20211209053722.0 | ||
| 008 | 160625s1992 ii a b 001 0 eng | ||
| 020 |
_a8171411673 _c: Rs400.00 |
||
| 035 | _a(BD-RjUL)43689 | ||
| 040 |
_aDLC _cDLC _dDLC _beng |
||
| 041 | _aeng | ||
| 082 |
_a332.10954 _bRAB 1992 |
||
| 100 | 2 |
_aRaju, Krishnama S. _9133856 |
|
| 245 | 1 | 0 |
_aBank finance and rural development / _cS. Krishnama Raju. |
| 260 |
_aNew Delhi : _bDiscovery Pub. House, _c1992 |
||
| 300 |
_axxiii, 351 p. : _bill. ; _c22 cm. |
||
| 500 | _aIncludes index. | ||
| 504 | _aIncludes bibliographical references (p. [333]-345). | ||
| 520 | _aImpact of credit given by commercial banks to the weaker sections of the society; study conducted in Chittoor District, Andhra Pradesh, India, during 1980-1982 and 1984-1985. | ||
| 650 | 0 |
_aBanks and banking _zIndia _zChittoor (District) _9133857 |
|
| 650 | 0 |
_aAgricultural credit _zIndia _zChittoor (District) _9133858 |
|
| 650 | 0 |
_aRural development _zIndia _zChittoor (District) _9133859 |
|
| 942 |
_2ddc _cBK |
||
| 999 |
_c43571 _d43571 |
||